| 000 | 00791nam a2200253 4500 | ||
|---|---|---|---|
| 003 | OSt | ||
| 005 | 20240715063104.0 | ||
| 006 | a | ||
| 008 | 240715b |||||||| |||| 00| 0 eng d | ||
| 020 | _a9780826493705 | ||
| 040 |
_aDWCL-Main lib. _cOC |
||
| 082 | _aCirc. 417.7 M949l 2008 | ||
| 100 | _aMufwene, Salikoko S. | ||
| 245 | _aLanguage evolution : contract, competition and change / | ||
| 260 |
_aLondon : _bContinuum, _cc2008. |
||
| 300 |
_axiv, _b354 p. : ill. ; _c24 cm. |
||
| 504 | _aIncludes bibliographical references and index. | ||
| 650 | _a1. Linguistic change. | ||
| 650 | _a2. Creole dialects. | ||
| 650 | _a3. Language and languages-Variation. | ||
| 650 | _a4. Languages in contact. | ||
| 650 | _a5. Language obsolescence. | ||
| 942 |
_2ddc _n0 _cBK-CIRC _kCirc. |
||
| 999 |
_c2191 _d2191 |
||